| 000 | 00633nam a2200181 4500 | ||
|---|---|---|---|
| 001 | 121737 | ||
| 003 | ES-MaACL | ||
| 005 | 20230906191818.0 | ||
| 007 | t| | ||
| 008 | 070214s1982 sp r ||||1| spa d | ||
| 100 | 1 |
_aPlaza Bores, Angel de la. _992626 |
|
| 245 | 1 | 0 |
_aInventario _b: visitas de Italia (siglos XVI y XVII) / _cpor Angel de la Plaza Bores y Ascensión de la Plaza Santiago. |
| 260 |
_aValladolid : _bArchivo General de Simancas, _c1982. |
||
| 300 |
_a332 p. ; _c25 cm. |
||
| 700 | 1 |
_aPlaza Santiago, Ascensión de la. _992637 |
|
| 710 | 2 |
_aArchivo General de Simancas. _91439 |
|
| 852 |
_aES-MaACL _jL-2198 _bR.102766 |
||
| 999 |
_c121737 _d121737 |
||